| 000 | 00390cam a2200169 4500 | ||
|---|---|---|---|
| 001 | D13151 | ||
| 008 | 090401t1963 xxu||||| |||| 00| 0 eng d | ||
| 035 | _a(Sirsi) u7993 | ||
| 041 | _aeng | ||
| 100 | _aKilford, W.K. | ||
| 245 | _aElementary air survey | ||
| 260 |
_aLondon _bSir Isaac Pitman and Sons _c1963 |
||
| 350 | _a0 | ||
| 520 | _aShelf 183 | ||
| 942 | _n0 | ||
| 948 | _c04/03/1997 | ||
| 999 |
_c86471 _d86471 |
||